000 00744nam a22002537a 4500
003 UA-OsUOA
001 21779
007 ta
008 20031213b un ||||| |||| 00| 0 ukr d
100 _aКукаркин А.В.
090 _a008
_bК89
942 _cBK
040 _aUA-OsUOA
_brus
_cUA-OsUOA
_dUA-OsUOA
245 _aБуржуазная массовая культура
_bТеории. Идеи. Разновидности. Образцы. Техника. Бизнес
300 _a399 с.
_bІлюстрації
955 _a0
041 _arus
080 _a008
260 _aМосква
_bПолитиздат
_c1985
044 _aRU
250 _n2-е изд., дораб. и доп.
650 7 _2UDC
999 _c307986
_d307986